Familienunternehmen theoretische und empirische Grundlagen

Guardado en:
Detalles Bibliográficos
Autor principal: Klein, Sabine B.
Formato: Libro
Lenguaje:alemán
Publicado: Wiesbaden GABLER 2004
Edición:2. Aufl.
Materias:
Etiquetas: Agregar Etiqueta
Sin Etiquetas, Sea el primero en etiquetar este registro!

MARC

LEADER 00000nam a2200000 4500
001 0235668
005 20240226134059.0
020 |a 978-3-409-21703-3 
041 0 |a ger 
044 |a DE 
245 1 0 |a Familienunternehmen  |b theoretische und empirische Grundlagen  |c Sabine B. Klein 
250 |a 2. Aufl. 
264 1 |a Wiesbaden  |b GABLER  |c 2004 
300 |a 368 s. 
610 2 0 |a podnikanie 
610 2 0 |a podnik rodinný 
610 2 0 |a rodina 
610 2 0 |a vedenie podniku 
610 2 0 |a vlastníctvo 
610 2 0 |a generácie 
610 2 0 |a vývoj 
610 2 0 |a štúdie prípadové 
610 2 0 |a Nemecko 
100 1 |a Klein, Sabine B.